000 00808nam a22001935i 4500
001 151555
003 ES-MaACL
005 20230906204246.0
008 991209s1896 sp |||| | spa d
040 _aM-RAJU
_bspa
_cM-RAJU
_dCCPB | B
100 1 _aArmiñán, Luis de,
_d1871-1949
_9155857
245 1 0 _aNarraciones rápidas /
_cpor Lusiñan de Mari [seud.] ; carta dedicatoria a Guy de Maupassant ; prólogo de César A. de Arruche.
260 _aMadrid :
_b[s.n.],
_c1896 (
_fImp. de Evaristo Odriózola)
300 _a142 p. ;
_c17 cm.
594 _aLusiñán de Mary es un seudónimo de Luis de Armiñán.
700 1 _aArruche, César Antonio de.
_9125724
852 _aES-MaACL
_jT-755-F-3
_z-- Enc. hol. conservando la cub. original
_z-- Enc. en un vol. facticio
999 _c151555
_d151555